Odmeňovanie zamestnancov bakalárska práca

Na minha lista:
Detalhes bibliográficos
Autor principal: Bullová, Eva
Autor Corporativo: Fakulta podnikového manažmentu EU. Katedra podnikovohospodárska
Outros Autores: Víghová, Agneša
Formato: Livro
Idioma:eslovaco
Publicado em: Bratislava 2009
Tags: Adicionar Tag
Sem tags, seja o primeiro a adicionar uma tag!

MARC

LEADER 00000nam$a2200000$$$4500
001 0101751
005 20240319130209.6
041 0 |a slo 
044 |a SK 
245 1 0 |a Odmeňovanie zamestnancov  |b bakalárska práca  |c Eva Bullová ; škol. Agneša Víghová 
264 1 |a Bratislava  |c 2009 
300 |a 41 s. 
100 1 |a Bullová, Eva 
700 1 |a Víghová, Agneša 
710 2 |a Fakulta podnikového manažmentu EU. Katedra podnikovohospodárska